| 000 | 00571cam a2200169 4500500 | ||
|---|---|---|---|
| 005 | 20260111080201.0 | ||
| 041 | _afre | ||
| 042 | _adc | ||
| 100 | 1 | 0 |
_aGirardi, Jean-Luc _eauthor |
| 700 | 1 | 0 |
_aRocca, Pierre _eauthor |
| 700 | 1 | 0 |
_aHeintz, Sébastien _eauthor |
| 245 | 0 | 0 | _aChronique de jurisprudence financière |
| 260 | _c2017. | ||
| 500 | _a27 | ||
| 786 | 0 | _nGestion & Finances Publiques | 1 | 1 | 2017-01-25 | p. 148-168 | 1969-1009 | |
| 856 | 4 | 1 | _uhttps://droit.cairn.info/revue-gestion-et-finances-publiques-2017-1-page-148?lang=fr&redirect-ssocas=7080 |
| 999 |
_c1615984 _d1615984 |
||